| 000 | 00467cam a2200193ua 4500 | ||
|---|---|---|---|
| 001 | 3036 | ||
| 005 | 20260515113625.0 | ||
| 008 | 110922n ii |||gr||||Z||||||asm | ||
| 040 | _cMAIN | ||
| 082 | _a920 | ||
| 100 | 1 |
_aBarman, Sivanath, _eAuthor. |
|
| 245 | 1 | 1 |
_aGalileo _cby Sivanath Barman |
| 250 | _a1st. | ||
| 260 |
_aGuahati: _bPublication board assam, _c2005. |
||
| 300 |
_a48p: _c23cm. |
||
| 653 | _aBiography | ||
| 653 | _aBiography of Galileo | ||
| 942 | _cBK | ||
| 999 |
_c2882 _d2882 |
||